000 00313nam a22001337a 4500
008 170613b xxu||||| |||| 00| 0 eng d
020 _a9780073397221
041 _aeng
080 _24 ED
_a32
100 _a19
101 _aSHP
245 _aTAKING SIDES AMERICAN FOREIGN POLICY
_cBERNET.A
942 _2udc
_cBK
999 _c17122
_d17122